| 000 | 01366cad a22002535a 4500 | ||
|---|---|---|---|
| 001 | E147698 | ||
| 008 | 090605e20080319xxkb f s000 0 eng d | ||
| 035 | _a(Sirsi) u147698 | ||
| 041 | 0 | _aeng | |
| 050 | 0 | 4 | _a306.1 $2 18 |
| 100 | 1 | _aBerry, Kate | |
| 245 | 0 | 4 |
_aThe home report _h[electronic resource] |
| 260 |
_aEdinburgh _bScottish Parliament _c2008 |
||
| 490 | 0 |
_aSPICe Briefing _v(08/15) 19 March 2008 |
|
| 505 | 2 | _aIntroduction -- Policy background -- Legislative framework -- Responsibility to prepare a Home Report -- The property questionnaire -- The 'single survey' -- The timelimits of the Home Report -- Exemptions from the Home Report requirements: right to buy properties -- The cost of the Home Report -- Enforcement of the Home Report Requirements -- The Home Report in practice -- Implementation -- Home Information Packs in England and Wales -- Sources | |
| 520 | _aDiscusses the background to the introduction of the Home Report in Scotland, and looks at its potential impact. | ||
| 521 | _aAdvanced | ||
| 590 | _aKA | ||
| 650 | 2 | 4 | _aHOME REPORT |
| 651 | 4 |
_aScotland _y1999- |
|
| 690 | _aPROPERTY-RESIDENTIAL PROPERTY-ACQUISITION AND DISPOSAL OF RESIDENTIAL PROPERTY | ||
| 856 | 4 | 0 |
_uhttps://www.scottish.parliament.uk/business/research/subject/HouPla.htm _zView the briefing free of charge at www.scottish.parliament.uk... |
| 942 | _n0 | ||
| 999 |
_c109687 _d109687 |
||